Statistics for Australian Supermarkets

Click here to take the quiz!

General Stats

  • This quiz has been taken 81 times
    (25 since last reset)
  • The average score is 4 of 13

Answer Stats

Number of LocationsAnswer% Correct
1064Woolworths Supermarkets
95%
841Coles Supermarkets
91%
1455IGA (Independent Grocers of Australia)
86%
585Aldi
82%
600FoodWorks
18%
96Foodland
14%
197Friendly Grocer
14%
17Spudshed
9%
26Harris Farm Markets
5%
10Hill Street Grocer
5%
60Drakes Supermarkets
0%
6India At Home
0%
6Supabarn
0%

Score Distribution

Percentile by Number Answered

Percent of People with Each Score

Your Score History

You have not taken this quiz since the last reset